Statistics for 5-Letter Geography Word Chain

Click here to take the quiz!

General Stats

  • This quiz has been taken 5,676 times
  • The average score is 19 of 32

Answer Stats

HintAnswer% Correct
Home to pyramids and sphinxs and pharaohsEgypt
92%
Bird icon of the United States (non-specific)Eagle
90%
Boot shaped countrItaly
88%
Second biggest Italian cityMilan
88%
Religion from the Qur'anIslam
87%
The God in IslamAllah
85%
Asian country that is considered a subcontinentIndia
85%
Capital is KathmanduNepal
85%
Country that borders Egypt to the east and Algeria to the westLibya
84%
Snow shelter built first by the InuitIgloo
82%
West side of the island of HispaniolaHaiti
81%
Currency of Russia and BelarusRuble
80%
African country and riverNiger
77%
Disputed Chinese plateau regionTibet
74%
An official languages in India and FijiHindi
73%
National animal of India, Vietnam, South Korea, BangladeshTiger
73%
Culturally similar tribes inhabiting northern Canada and the ArcticInuit
70%
Canadian territory and Alaskan riverYukon
69%
Cities of Mainz, Koblenz, and Bonn are on this riverRhine
65%
Most people in this country live on TongatapuTonga
62%
Capital of GhanaAccra
61%
Group of traditionalist Christians who tend to reject modernizationAmish
60%
Small Micronesian countryNauru
44%
One of the largest cities on the Ruhr RiverEssen
39%
Desert region of IsraelNegev
39%
Demonic of OmanOmani
37%
Capital is OranjestadAruba
35%
Capital of NiueAlofi
8%
Massive lake of Akosombo DamVolta
7%
Located at confluence of Kleine Emme and Reuss RiversEmmen
3%
Second highest mountain of AntarcticaTyree
3%
Disputed territory between Sudan and South Sudan following warAbyei
2%

Score Distribution

Percentile by Number Answered

Percent of People with Each Score

Your Score History

You have not taken this quiz